| 000 | 01164cam a22002894a 4500 | ||
|---|---|---|---|
| 999 |
_c7173 _d7173 |
||
| 001 | 14106761 | ||
| 003 | GBCCL | ||
| 005 | 20241126110621.0 | ||
| 008 | 050913s2005 iluab bd 001 0 eng | ||
| 010 | _a 2005026648 | ||
| 020 | _a0830817824 (cloth : alk. paper) | ||
| 040 |
_aDLC _cDLC _dDLC |
||
| 042 | _apcc | ||
| 050 | 0 | 0 |
_aBS1205.55 _b.D53 2005 |
| 082 | 0 | 0 |
_a222.03 _222 _bDIC |
| 245 | 0 | 0 |
_aDictionary of the Old Testament : _bhistorical books / _ceditors, Bill T. Arnold, H.G.M. Williamson. |
| 260 |
_aDowners Grove, Ill. : _bInterVarsity Press, _cc2005. |
||
| 300 |
_axxiii, 1060 p. : _bill., maps ; _c26 cm. |
||
| 504 | _aIncludes bibliographical references and indexes. | ||
| 630 | 0 | 0 |
_aBible. _pHistorical books _vDictionaries. _912681 |
| 700 | 1 |
_aArnold, Bill T. _912682 |
|
| 700 | 1 |
_aWilliamson, H. G. M. _q(Hugh Godfrey Maturin), _d1947- _912683 |
|
| 856 | 4 | 1 |
_3Table of contents _uhttp://www.loc.gov/catdir/toc/ecip0519/2005026648.html |
| 906 |
_a7 _bcbc _corignew _d1 _eecip _f20 _gy-gencatlg |
||
| 942 |
_2ddc _cREF |
||